Zamki w Polsce - nagła śmierć - Statystyki

Ogólne statystyki
  • Ten quiz został rozwiązany 176 razy
  • Średni wynik to 12 z 24
Answers on the Grid
Answers color-coded by a green-red scale on the quiz's grid according to % correct below.
Bar
Bobolice
Bratysława
Bytów
Chocim
Chojnik
Czocha
Czorsztyn
Gniew
Grodno
Hradczany
Kamieniec Podolski
Kórnik
Kreml
Książ
Kwidzyn
Łańcut
Lębork
Lwów
Malbork
Mirów
Moszna
Neuschwanstein
Niedzica
Nieśwież
Nowy Wiśnicz
Ogrodzieniec
Olsztyn
Przemyśl
Sandomierz
Smoleń
Szczecin
Tower
Warszawa
Wawel
Zbaraż
 
Statystyki odpowiedzi
Odpowiedź % Poprawnych
Malbork
74%
Wawel
71%
Książ
68%
Czorsztyn
66%
Czocha
60%
Niedzica
57%
Moszna
54%
Ogrodzieniec
54%
Łańcut
53%
Bobolice
52%
Warszawa
52%
Olsztyn
51%
Chojnik
49%
Kórnik
49%
Kwidzyn
49%
Lębork
49%
Gniew
48%
Sandomierz
45%
Bytów
42%
Przemyśl
42%
Szczecin
42%
Nowy Wiśnicz
36%
Mirów
27%
Smoleń
15%
Nie znaleziono quizów pasujących do podanych kryteriów
Rozkład punktacji
Procent ludzi z każdym wynikiem
Percentyl według liczby udzielonych odpowiedzi
Twoja historia wyników
Nie rozwiązałeś tego quizu